Egy csángó-magyar költő ébresztése
Elmentve itt :
| Szerző: | |
|---|---|
| Adatforrás: | Meister |
| Forrásdokumentuma: | Helikon. - 6 sz., 1990, 4 p. |
| Nyelv: | magyar |
| Kulcsszavak: | irodalomtörténet csángók LAKATOS Demeter |
| LEADER | 00385nab a2200145 i 4500 | ||
|---|---|---|---|
| 001 | bibPRO00008673 | ||
| 008 | 060524s1990 xx hun | ||
| 040 | |a Sz1 | ||
| 041 | |a hun | ||
| 100 | 1 | |a SASZET Géza | |
| 245 | 1 | 4 | |a Egy csángó-magyar költő ébresztése |c SASZET Géza |
| 695 | |a irodalomtörténet | ||
| 695 | |a csángók | ||
| 695 | |a LAKATOS Demeter | ||
| 773 | 0 | |t Helikon. - |g 6 sz., 1990, 4 p. | |